| 000 -LEADER |
| fixed length control field |
00866nam a22001337a 4500 |
| 040 ## - CATALOGING SOURCE |
| Transcribing agency |
RUA |
| 082 ## - DEWEY DECIMAL CLASSIFICATION NUMBER |
| Classification number |
VEM KOR 2014 B441 Or.1 |
| 100 ## - MAIN ENTRY--AUTHOR NAME |
| Personal name |
KORN SREYPORU ; ខន ស្រីព័រ |
| 245 ## - TITLE STATEMENT |
| Title |
Effect of three antibiotics on diarrhea in suckling piglets at top chantha farm in porsenchey district, phnom penh , ប្រសិទ្ធភាពអង់ទីប៊ីយ៉ូទិចបីមុខលើជំងឺរាកកូនជ្រូកអំឡុងពេលបំបៅដោះ នៅកសិដ្ឋានចិញ្ចឹមជ្រូក តុ ចន្ថា ខណ្ឌពោធិ៍សែនជ័យ រាជធានីភ្នំពេញ |
| 260 ## - PUBLICATION, DISTRIBUTION, ETC. (IMPRINT) |
| Place of publication |
Phnom Penh |
| Name of publisher |
RUA |
| Year of publication |
2014 |
| 300 ## - PHYSICAL DESCRIPTION |
| Number of Pages |
x ;37p. |
| Other physical details |
ill. |
| Dimensions |
29cm. |
| 856 ## - ELECTRONIC LOCATION AND ACCESS |
| Uniform Resource Identifier |
https://drive.google.com/file/d/1vD5Pis7hqmcccb_zFvIeSzyJtt2_pS1G/view?usp=sharing |
| 942 ## - ADDED ENTRY ELEMENTS (KOHA) |
| Koha item type |
VEM |
| 952 ## - LOCATION AND ITEM INFORMATION (KOHA) |
| Withdrawn status [LOCAL, KOHA] |
0 |
| 952 ## - LOCATION AND ITEM INFORMATION (KOHA) |
| Withdrawn status [LOCAL, KOHA] |
0 |
| 952 ## - LOCATION AND ITEM INFORMATION (KOHA) |
| Withdrawn status [LOCAL, KOHA] |
0 |
| 952 ## - LOCATION AND ITEM INFORMATION (KOHA) |
| Withdrawn status [LOCAL, KOHA] |
0 |
| 952 ## - LOCATION AND ITEM INFORMATION (KOHA) |
| Withdrawn status [LOCAL, KOHA] |
0 |
| 952 ## - LOCATION AND ITEM INFORMATION (KOHA) |
| Withdrawn status [LOCAL, KOHA] |
0 |
| 952 ## - LOCATION AND ITEM INFORMATION (KOHA) |
| Withdrawn status [LOCAL, KOHA] |
0 |
| 952 ## - LOCATION AND ITEM INFORMATION (KOHA) |
| Withdrawn status [LOCAL, KOHA] |
0 |